000 00645nam a2200253Ia 4500
003 OSt
005 20220918195015.0
006 a|||||r|||| 00| 0
007 ta
008 220917b |||||||| |||| 00| 0 eng d
024 _a82,936
037 _cTextual
040 _aARTS
_cARTS
_beng
041 _2eng
_aeng
082 _aS1, K81;L6
100 _aEndler N S
_988432
245 0 _aContemporary issues in developmental psychology
250 _a2nd
260 _aN York
_bHolt
_c1976
300 _axiii, 689p.
_ccm.
650 _aPSYCHOLOGY
942 _hS1, K81;L6
_cTEXL
_2CC
999 _c206651
_d206651